Roble huacho

Shranjeno v:
Bibliografske podrobnosti
Glavni avtor: Belmar, Daniel (Author)
Format: Knjiga
Jezik:španščina
Izdano: Santiago Ediciones Cultura 1947
Serija:Colección Novelistas Contemporáneos de América, 7
Teme:
Oznake: Označite
Brez oznak, prvi označite!

MARC

LEADER 00000nam a2200000 a 4500
001 UCT5563
003 CL-VaPUC
008 961216e19470000CL |||||||||||||||||spa|d
082 0 4 |a Ch863  |b BEL  |2 21 
100 0 |a Belmar, Daniel  |e author  |9 375117 
245 1 0 |a Roble huacho 
300 |a 222 p 
942 |c BK 
945 |d 19961216 00:00:00  |a nastorga 
260 |a Santiago  |b Ediciones Cultura  |c 1947 
650 0 |a Novelas chilenas   |9 265425 
583 |a last modification  |c 19961216 00:00:00  |k Rodrigo Vera 
490 0 |a Colección Novelistas Contemporáneos de América, 7 
999 |c 254467  |d 254465 
952 |0 0  |1 0  |4 0  |6 CH_863_000000000000000_BEL_1947  |7 0  |8 ?  |9 276161  |a BIBEDU  |b BIBEDU  |d 2019-11-19  |i 3259374  |o Ch863 BEL 1947  |p 3259374  |r 2019-11-19  |w 2019-11-19  |y BK  |k LIT